Oman A-Z - Statistiken

Allgemein
  • Dieses Quiz wurde 58 mal gespielt
  • Das Durchschnittsergebnis liegt bei 13 aus 26
Antwortstatistiken
# Hinweis Antwort % Korrekt
A Amtssprache Arabisch
100%
G Der Oman grenzt an diesen Meeresarm {Golf} von Oman
86%
J Nachbarland Jemen
84%
S Nachbarland Saudi-Arabien
84%
V Nachbarland Vereinigte Arabische Emirate
84%
M Haupstadt Maskat
82%
C Beliebte Sportart Cricket
80%
E Bedeutendes Exportprodukt Erdöl
75%
B Nomadische Viehzüchter Beduinen
65%
L Einheimische Raubkatze Arabischer {Leopard}
61%
R Währung Omanischer {Rial}
61%
W Baumharz, welches in der Liturgie der römisch-katholischen Kirche und vieler Ostkirchen Verwendung findet Weihrauch
61%
P Land das Teile Omans im 16ten und 17ten Jhr. kontrollierte Portugal
55%
D Wichtiges Agrarprodukt Datteln
51%
O Höchstes Gebirge des Omans Hadschar-Gebirge {Oman}gebirge
47%
F Nationalsport Beizjagd Falknerei
39%
Z Ostafrikanisches Archipel das von 1730-1856 Teil Omans war Englischer Name Zanzibar
35%
U Weitverbreitete Sprache ohne offiziellen Status Urdu
27%
X Heimische AntilopenartEndet auf X Arabische {Oryx}
18%
I Die meisten omanischen Muslime sind weder Sunniten noch Schiiten sondern: Ibaditen
12%
K Dolch und Teil der traditionellem Tracht Khanjar
10%
Q Sultan 1970-2020 {Qabus} bin Sa'id Al Sa'id
10%
H Sultan seit 2020 {Haitham} bin Tariq bin Taymur al-Sa'id
8%
N Stadt südlich von #M und dem Hadschar-Gebirge Nizwa
8%
T Ziegenartiges Wildtier Arabischer {Tahr}
6%
Y Unter Imamen dieser Dynastie wurde der Oman im 17ten Jhr. geeint {Yaruba}-Dynastie
2%
Keine übereinstimmenden Quizze gefunden
Verteilung der Resultate
Anzahl Personen mit jedem Resultat
Perzentil nach korrekt beantworteten Fragen
Ihre Resultats-Entwicklung
Sie haben dieses Quiz noch nicht gespielt